00754nam a2200181Ia 4500999001700000008005200017082001500069245015500084260004800239300001900287504001900306650002600325650002000351650003700371700002500408942000700433952013200440 c10170d10170200103s 1950 ||||xx |||||||||||||| ||und|| a621.3bELE 0aElectrical engineering theory and practice: a comprehensive, practical and authoritative treatise for those engaged in the electrical industry, Vol. 1 bSir Iassc Pitman & Sons, Ltd.c1950aLondon ax, 637 p: ill. aIncludes index aElectrical technology aElectron theory aDrawing for electrical engineers aKemp, PhilipeEditor cBK 00102ddc406621_300000000000000_ELE708NFIC911182aMUbMUcGENd2020-01-08o621.3 ELEpMPC1079r2025-03-17yBKzColumn - 53